Operations research : (Record no. 24332)

MARC details
000 -LEADER
fixed length control field 00540cam a22001697a 4500
020 ## - INTERNATIONAL STANDARD BOOK NUMBER
ISBN 9780198075479
041 ## - LANGUAGE CODE
Language code of text/sound track or separate title English
082 ## - DEWEY DECIMAL CLASSIFICATION NUMBER
Classification number 658.4034
Item number PRA
100 1# - MAIN ENTRY--AUTHOR NAME
Author name Pai, Pradeep Prabhakar.
245 10 - TITLE STATEMENT
Title Operations research :
Sub Title principles and practice /
Statement of responsibility, etc Pradeep Prabhakar Pai.
260 ## - PUBLICATION, DISTRIBUTION, ETC. (IMPRINT)
Place of publication New Delhi :
Name of publisher Oxford University Press ,
Year of publication 2012.
300 ## - PHYSICAL DESCRIPTION
Number of Pages xvi, 827 p. :
Other physical details ill. ;
Dimensions 24 cm.
504 ## - BIBLIOGRAPHY, ETC. NOTE
Bibliography, etc Includes bibliographical references (p. [822]-823) and index.
650 #0 - SUBJECT ADDED ENTRY--TOPICAL TERM
Subject Operations research.
942 ## - ADDED ENTRY ELEMENTS (KOHA)
Source of classification or shelving scheme Dewey Decimal Classification
Koha item type Books
Holdings
Withdrawn status Lost status Source of classification or shelving scheme Damaged status Not for loan Home library Current library Shelving location Date acquired Source of acquisition Cost, normal purchase price Full call number Accession Number Price effective from Koha item type
    Dewey Decimal Classification     Institute of Public Enterprise, Library Institute of Public Enterprise, Library S Campus 05/04/2026 Gifted by Prof. S. Sathish Kumar (IPE Faculty ) 895.00 658.4034 PRA 51047 05/04/2026 Books

Maintained and Designed by
2cqr automation private limited, Chennai. All Rights Reserved.

You are Visitor Number

PHP Hits Count